Estadísticas para Call Of Duty: Zombies Quiz

Haz click aquí para intentar la prueba.

Estadísticas generales

  • Esta prueba ha sido intentada 4 veces
  • La puntuación promedio es 34 de 157

Estadísticas de respuestas

Respuesta% Correcto
Edward Richtofen
75%
Fidel Castro
75%
John F. Kennedy
75%
Richard Nixon
75%
Arma de Rayos
50%
Arma Thunder
50%
Ascension
50%
Baja Instantanea
50%
Brutus
50%
Buried
50%
Call of the Dead
50%
Carpintero
50%
Deadshot Daiquiri
50%
Doble Puntuación
50%
Double Tap
50%
Electric-Cherry
50%
Escudo zombi
50%
Five
50%
Juggernog
50%
Máquina de Muerte
50%
Mob of the Dead
50%
Moon
50%
Mule Kick
50%
Munición Máxima
50%
Nacht der Untoten
50%
Nuke
50%
Nuketown
50%
Origins
50%
Pack-a-Punch
50%
Quick Revive
50%
Rebajas
50%
Revelations
50%
Robert McNamara
50%
Shangri-La
50%
Shi No Numa
50%
Soldado Panzer
50%
Speed Cola
50%
Stamin Up
50%
Takeo Masaki
50%
Tank Dempsey
50%
TranZit
50%
Widow's Wine
50%
Zombi reptante
50%
Abigail "Misty" Briarton
25%
Albert "La Comadreja" Arlington
25%
Arco de Electricidad
25%
Arco de Fuego
25%
Arthur
25%
Avogadro
25%
Bastón de Electricidad
25%
Bastón de Fuego
25%
Bastón de Hielo
25%
Bastón de Viento
25%
Blood of the Dead
25%
Blundergat
25%
Carroñero
25%
Classified
25%
Cuchillo Bowie
25%
Der Eisendrache
25%
Doctor Monty
25%
George A. Romero
25%
Gorod Krovi
25%
Hellhounds
25%
Kino der Toten
25%
Ludvig Maxis
25%
Margwa
25%
Mono Bomba
25%
Nikolai Belinski
25%
Pablo Marinus
25%
Peter McCain
25%
Ragnarok DG-4
25%
Russman
25%
Salvatore DeLuca
25%
Samantha Maxis
25%
Samuel J. Stuhlinger
25%
Sangre Zombie
25%
Shadowman
25%
Shadows of Evil
25%
Sophia
25%
Tag der Toten
25%
The Giant
25%
Thrustodyne Aeronautics Model 23
25%
Verrückt
25%
Vulture Aid
25%
Who's Who
25%
Zetsubou No Shima
25%
Zombie reptante eléctrico
25%
31-79 JGb215
0%
Alpha Omega
0%
Anton Gersh
0%
Arañas
0%
Arco de la Oscuridad
0%
Arco de Lobos
0%
Arma de Ondas
0%
Aullido Invernal
0%
Bebida Misteriosa
0%
Billy Handsome
0%
Bomba de Tiempo
0%
Bombardero Nova 6
0%
Bonfire Sale
0%
Cobrador Infernal
0%
Conductor del bus
0%
Cuchara de oro
0%
Danny Trejo
0%
Denizen
0%
Die Riese
0%
Die Riese
0%
Dispositivo de entrelazamiento cuántico
0%
Dispositivo Gersh
0%
Doctor Groph
0%
Dron de Maxis
0%
Dron Valquiria
0%
Elemental de la locura
0%
Esliquidificador
0%
Espada de Apoticón
0%
Esqueletos
0%
Floyd Campbell
0%
Furia
0%
GKZ-45 Mk3
0%
G-Strike
0%
Guantelete de Siegfried
0%
Ira de los Antiguos
0%
Jack Vincent
0%
Jessica Rose
0%
KT-4
0%
Li'l Arnie
0%
Mangler
0%
Marlton Johnson
0%
Michael "Finn" O'Leary
0%
Michael Rooker
0%
Monos espaciales
0%
Mono zombie
0%
Mujer fantasma
0%
Muñecas Matryoshka
0%
Nero Blackstone
0%
Nova Seis
0%
Paralizador
0%
Parásito
0%
Perros eléctricos
0%
PHD Flopper
0%
Puños De Viento
0%
Puntos Extra
0%
Ray Gun Mark II
0%
Robert Englund
0%
Sarah Michelle Gellar
0%
Siervo Apoticón
0%
Skull of Nan Sapwe
0%
Thrashers
0%
Tumbstone
0%
V-R11
0%
Wunderwaffe DG-2
0%
Yuri
0%
Zombie astronauta
0%
Zombie electrificado
0%
Zombie Napalm
0%
Zombie Shrieker
0%
Zombie templario
0%

Distribución de puntuación

Porcentaje por número respondido

Porcentaje de gente con cada puntuación

Historial de tus puntuaciones

No has intentado esta prueba.